Vincent van Gogh Quiz - Statistics

General Stats
  • This quiz has been taken 343 times
  • The average score is 8 of 20
Answer Stats
Question Answer % Correct
What part of his own body did he cut off after a fight with the above? Left ear
90%
What was his art movement? Post-{Impressionism}
79%
In what city would you find the Van Gogh Museum? Amsterdam
78%
What French painter, known for depicting Tahitian women, was he friends with? Paul Gauguin
71%
In the Museum of Modern Art of what city is the painting #1 permanently located? New York City
56%
Paintings by Vincent van Gogh The {Starry} {Night}
51%
What was the name of his younger brother who supported him financially? {Theo} van Gogh
46%
Paintings by Vincent van Gogh {Sunflowers}
45%
In the outskirts of what city did he die from a self-inflicted gunshot wound? Paris
44%
In what city in southern France did he live for 1 year and produced over 300 paintings and drawings? Arles
37%
Paintings by Vincent van Gogh The {Potato} Eaters
37%
What actor portrayed him in the 2018 biopic "At Eternity's Gate"? (initials WD) Willem Dafoe
29%
What was his full name? Vincent {Willem} van Gogh
27%
Paintings by Vincent van Gogh Wheatfield with {Crows}
26%
What 2017 animated movie was about his life and was animated in his own style? {Loving} Vincent
19%
Paintings by Vincent van Gogh The {Yellow} House
16%
He was born in the city of Zundert of what Dutch province in 1853? North {Brabant}
13%
What doctor treated him during his last weeks? (he also painted him) Paul {Gachet}
11%
Paintings by Vincent van Gogh The {Siesta}
5%
What family of five did he paint portraits of during his time in the above? The {Roulin} Family
2%
No matching quizzes found
Score Distribution
Percent of People with Each Score
Percentile by Number Answered
Your Score History
You have not taken this quiz